Дело по донесению Саратовского гражданского губернатора о пойманных в Саратове крестьянине Ношкине и мещанке Батыгиной с фальшив...

Доступно только в Электронных читальных залах Найти на картеНа карте
RUSMARC
00003728nmc2a22000003x 450
001409d8be2-6abf-46be-b01b-02196307273f
00520180706234716.0
100##$a20160930l18491859k l0rusy0189 ca
1010#$arus
102##$aRU
2001#$aДело по донесению Саратовского гражданского губернатора о пойманных в Саратове крестьянине Ношкине и мещанке Батыгиной с фальшивыми монетами
$j25 января 1849 г. - 7 июля 1859 г.
251##$cДело
300##$aДело
801#0$aRU
$bРГИА
$c20160930
$gRCR
801#1$aRU
$bГлавНИВЦ
$c20160930
$2rusmarc
801#2$aRU
$bПБ им. Б.Н. Ельцина
$c20180706
$gRCR
$2rusmarc
850##$aРГИА
852##$aРГИА
$eФедеральное казенное учреждение "Российский государственный исторический архив" (РГИА)
$j1037
937##$hРГИА
$d12215540
$aASBIBLIO_SCAN
462#0$10011f2612a5-dcc7-4853-9c3b-606260869072
$12001
$a1848-1849 гг. Дела Департамента полиции исполнительной МВД за 1849 г.
$1251
$cОпись
$1852
$j11
461#0$10013e300ed0-cd39-49af-8489-5ba5b90fa401
$12001
$aДепартамент полиции исполнительной МВД
$1251
$cФонд
$1852
$j1286
215##$a10 л.
$d36,5х26 см
371##$aДокумент не является опубликованным и широко распространяемым
105##$ay###
1222#$ad
035##$a409d8be2-6abf-46be-b01b-02196307273f
856##$uhttp://readingroom.main.prlib.ru/item.aspx?id_node=n116828290&mode=full
Формат отображения